Polar research: a survey

Guardat en:
Dades bibliogràfiques
Autor corporatiu: National Research Council, Committee on Polar Research (Autor)
Format: Llibre
Idioma:anglès
Publicat: Washington, D.C National Academy of Sciences 1970
Matèries:
Etiquetes: Afegir etiqueta
Sense etiquetes, Sigues el primer a etiquetar aquest registre!

MARC

LEADER 00000nam a2200000 a 4500
001 UCV5364
003 CL-VaPUC
008 930506e19700000US |||||||||||||||||eng|d
082 0 4 |a 551.4693  |b NAT  |2 21 
110 2 |a National Research Council, Committee on Polar Research  |e author  |9 299700 
245 1 0 |a Polar research: a survey 
300 |a 204 p 
942 |c BK 
945 |d 19930506 00:00:00 
260 |a Washington, D.C  |b National Academy of Sciences  |c 1970 
650 7 |a INVESTIGACIONES  |2 CL-VaPUC  |9 261211 
651 7 |a REGIONES POLARES  |2 CL-VaPUC  |9 262121 
651 0 |a Polo Sur   |9 262122 
651 0 |a Regiones antárticas  |9 259075 
583 |a last modification  |c 19930506 00:00:00  |k Rodrigo Vera 
999 |c 211914  |d 211912 
952 |0 0  |1 0  |2 ddc  |4 0  |6 551_469300000000000_NAT_1970  |7 0  |8 CCM  |9 191948  |a BIBCUR  |b BIBCUR  |c PAC  |d 2019-11-14  |i 2594803  |o 551.4693 NAT 1970  |p 2594803  |r 2025-04-22  |w 2019-11-14  |y BK  |k CIM